000 00537nam a22001817a 4500
005 20251108165014.0
008 250721s1995 xx 000 0 ara d
082 1 4 _a531.2/عبا
100 1 _aعباس، محمد عبد المنعم
245 1 0 _aالإستاتيكا الهندسية /
246 1 1 _aStatics
264 1 _aالإسكندريه :
_bمنشأة المعارف،
_c1995.
300 _a304ص
650 1 7 _aالإستاتيكا
650 1 7 _aالميكانيكا الهندسية
942 _2ddc
_cBK
999 _c19683
_d19683